|
|
|
|
| LEADER |
00000nam a2200000Ii 4500 |
| 001 |
DIGLOM05002 |
| 003 |
NyNyDIG |
| 006 |
m o d |
| 007 |
cr ||||||||||| |
| 008 |
131001s2004 cl ob 000 0 spa d |
| 020 |
|
|
|z 9562826783
|
| 020 |
|
|
|z 9789562826785
|
| 035 |
|
|
|a (OCoLC)888270505
|
| 040 |
|
|
|a DGITA
|b eng
|e pn
|c DGITA
|
| 041 |
1 |
|
|a spa
|h eng
|
| 043 |
|
|
|a cl-----
|
| 050 |
1 |
4 |
|a HN110.5.A8 eBook
|
| 130 |
0 |
|
|a Latin America in the twenty-first century.
|l Spanish.
|
| 245 |
1 |
0 |
|a América Latina en el siglo XXI :
|b hacia una nueva matriz sociopolítica /
|c Manuel Antonio Garretón ... [et al.] ; traducido por Oscar Luis Molina.
|
| 250 |
|
|
|a 1a ed.
|
| 264 |
|
1 |
|a Santiago de Chile, Chile :
|b LOM Ediciones,
|c 2004.
|
| 300 |
|
|
|a 1 online resource (164 pages)
|
| 336 |
|
|
|a text
|b txt
|2 rdacontent
|
| 337 |
|
|
|a computer
|b c
|2 rdamedia
|
| 338 |
|
|
|a online resource
|b cr
|2 rdacarrier
|
| 490 |
1 |
|
|a Colección Ciencias humanas. Ciencias políticas.
|
| 500 |
|
|
|a Translation of: Latin America in the twenty-first century: toward a new sociopolitical matrix. Coral Gables, Fla. : North-South Center Press, 2003.
|
| 504 |
|
|
|a Includes bibliographical references (p. 145-164).
|
| 505 |
0 |
|
|a Agradecimientos -- Autores -- Introducción -- Capítulo I La matriz sociopolítica -- Capítulo II Características de la matriz estatal-nacional-popular -- Los elementos básicos -- El modelo de desarrollo. La estrategia económica de la MSP estatal-nacional-popular se orientaba -- El régimen político -- El modelo sociocultural -- Capítulo III El nuevo contexto mundial -- Globalización -- La economía global -- Fabricación global -- Otras formas de globalización -- El entorno internacional y el papel de las políticas estatales -- Rutas históricas de integración en el sistema económico y político mundial -- Capítulo IV Desafíos políticos, sociales y culturales -- Democratización social -- El modelo de modernidad -- Capítulo V Hacia un cambio de matriz -- El modelo de desarrollo -- El estado y las instituciones políticas -- El gobierno -- El estado -- El sistema de partidos políticos -- Ideología y partidos políticos -- Comunicaciones y corrupción -- Gobernabilidad -- La dimensión sociocultural -- Capítulo VI ¿Una nueva matriz sociopolítica? - Referencias.
|
| 650 |
|
0 |
|a Globalization.
|
| 651 |
|
0 |
|a Latin America
|x Social conditions.
|
| 651 |
|
0 |
|a Latin America
|x Politics and government.
|
| 651 |
|
0 |
|a Latin America
|x Economic conditions.
|
| 651 |
|
0 |
|a Latin America
|x Economic policy.
|
| 651 |
|
0 |
|a Latin America
|x Social policy.
|
| 655 |
|
0 |
|a Electronic books.
|
| 700 |
1 |
|
|a Garretón Merino, Manuel A.
|q (Manuel Antonio)
|
| 791 |
2 |
|
|a Digitalia (Firm),
|e distributor.
|
| 830 |
|
0 |
|a Ciencias humanas.
|p Ciencias políticas.
|
| 793 |
0 |
|
|g Digitalia eBook Collection:
|a LOM Ediciones
|
| 856 |
4 |
0 |
|3 Digitalia Hispánica
|u https://www.digitaliapublishing.com/a/18274/
|
| 910 |
|
|
|a Premium Collection: 2007-2012
|